| 000 | 00417nam a22001097a 4500 | ||
|---|---|---|---|
| 082 |
_a348.5491046 _bPAK |
||
| 245 |
_aPakistan Annual Law Digest 2018: _ba digest of cases reported in law journals published in Pakistan. Azad Jammu & Kashmir and Gilgit-Baltistan during the year / _cEdited Muhammad Anwar Khokhar |
||
| 260 |
_aLahore : _bPLD Publishers, _c2018. |
||
| 300 | _avolume | ||
| 563 | _aH.B. | ||
| 942 |
_2ddc _cCR _s1 |
||
| 999 |
_c593025 _d593025 |
||